Post Earthquake Scenario In The Real Estate Market (Record no. 18733)

MARC details
000 -LEADER
fixed length control field 00310nam a2200121Ia 4500
008 - FIXED-LENGTH DATA ELEMENTS--GENERAL INFORMATION
fixed length control field 220803s9999 xx 000 0 und d
041 ## - LANGUAGE CODE
Language code of text/sound track or separate title eng
082 ## - DEWEY DECIMAL CLASSIFICATION NUMBER
Classification number 720.47 PAT
100 ## - MAIN ENTRY--PERSONAL NAME
Personal name Patel Meghna
9 (RLIN) 29887
245 ## - TITLE STATEMENT
Title Post Earthquake Scenario In The Real Estate Market
260 ## - PUBLICATION, DISTRIBUTION, ETC. (IMPRINT)
Name of publisher, distributor, etc. Ahmedabad
Date of publication, distribution, etc. 2011
300 ## - PHYSICAL DESCRIPTION
Extent 96p
Holdings
Withdrawn status Lost status Damaged status Not for loan Home library Current library Date acquired Vendor Cost, normal purchase price Total Checkouts Full call number Barcode Date last seen Bill Date Koha item type Original Barcode
        Dr. Bhanuben Nanavati College of Architecture Dr. Bhanuben Nanavati College of Architecture 03/08/2016 Modak S 350.00   720.47 PAT BNCA-DB-1446 03/08/2022 03/08/2022 Donated Book DB001446